00748nam a22001097a 4500040000800000082002700008100001600035245044900051260002600500300002500526856008700551 cRUA aAVM MAN 2011 B100 Or.1 aMANN, TOLA. aEffect of ivermection on gastrointestinal parasite in pigs at top chantha's farm in pou sen chey district, phnom phen, ប្រសិទ្ធភាពនាំ IVERMECTIN លើបរាសិតក្នុងក្រពះ ពោះវៀនជ្រូក នៅកសិដ្ថាន តុប ចន្ថា ស្ថិតក្នុងខណ្ឌពោធិ៍សែនជ័យ រាជធានៅភ្នំនំពេញ. aphnom phenbRUAc2011 aIX,48p.bill.c29cm. uhttps://drive.google.com/file/d/17DODuNssjGqfXCsghRXnpKJZM7aEpwV5/view?usp=sharing